| 000 | 00000nam##2200000za#4500 |
| 001 | 9.640096 |
| 003 | CaOODSP |
| 005 | 20240212134143 |
| 007 | cr ||||||||||| |
| 008 | 150407|1998||||xxc|||||o f|0| 0 fre|d |
| 040 | |aCaOODSP|bfre |
| 043 | |an-cn--- |
| 086 | 1 |aNE23-77/1998F-PDF |
| 110 | 1 |aCanada. |bOffice national de l'énergie. |
| 245 | 10|aÉtude d'évaluation des ressources en gaz naturel non associé en Saskatchewan |h[ressource électronique] |
| 260 | |aCalgary - Alberta : |bOffice national de l'énergie |c1998, c1995. |
| 300 | |a21p.|bfigure, glossaire, graphique, cartes, tableaux |
| 500 | |aLe n° de catalogue (NE23-77/1998F) et l'ISBN (0-662-83374-0) de l'édition imprimée ont été incorrectement copiés dans cette édition électronique. |
| 590 | |a12-21-Supp|b2012-05-18 |
| 691 | 07|aÉvaluation|2gcpds |
| 691 | 07|aGaz naturel|2gcpds |
| 775 | 08|tNon-associated natural gas resource assessment study, Saskatchewan |w(CaOODSP)9.695983 |
| 776 | 0#|tÉtude d'évaluation des ressources en gaz naturel non associé en Saskatchewan |w(CaOODSP)9.680625 |
| 856 | 40|ahttp://publications.gc.ca|qPDF|s117 Ko|uhttps://publications.gc.ca/collections/Collection/NE23-77-1998F.pdf |